Tú eres especial / Max Lucado (Registro nro. 48168)
[ vista simple ]
| 000 -LÍDER | |
|---|---|
| Campo fijo de descripción fija | 002590000a22001210004500 |
| 041 0# - CÓDIGO DE IDIOMA | |
| Código de idioma para texto/pista de sonido o título separado | |
| 082 04 - NÚMERO DE CLASIFICACIÓN DECIMAL DEWEY | |
| Número de clasificación | DVD 001 |
| 001 - NÚMERO DE CONTROL | |
| Campo de control | 992 |
| 100 1# - ASIENTO PRINCIPAL--NOMBRE PERSONAL | |
| Nombre personal | Lucado, Max |
| 245 10 - TÍTULO | |
| Título del Material | Tú eres especial / Max Lucado |
| 505 00 - NOTA DE CONTENIDO | |
| Nota de contenido con formato preestablecido | Una historia sobre la autoestima |
| 942 ## - TIPO DE MATERIAL (KOHA) | |
| Tipo de Item KOHA | Z- Libro General BINCO |
| Estado de Material | Estado de Perdido | Volumen-Parte/Tomo | Estado de Dañado | No para Préstamo | Tomo | Biblioteca de Origen | Biblioteca Permanente | Fecha de Adquisición | Total de Préstamos | Signatura Topográfica | Código de Barras | Última vez visto | Última vez Préstado | Ejemplar/Existencia | Fecha de Remplazo | Tipo de Material |
|---|---|---|---|---|---|---|---|---|---|---|---|---|---|---|---|---|
| Biblioteca Infantil Comunitaria BINCO | Biblioteca Infantil Comunitaria BINCO | 25/07/2006 | 1 | DVD 001 | B30199 | 06/06/2017 | 02/06/2017 | 1 | 26/01/2016 | Z- Libro General BINCO |
